Star Ac Tour 2025 - Statistiques

Statistiques générales
  • Ce quiz a été pris 504 fois
  • Le résultat moyen est 5 sur 9
Statistiques - réponses
Réponse % Correct
Marine
84%
Ebony
67%
Charles
63%
Emma
54%
Franck
48%
Ulysse
47%
Maïa
45%
Maureen
42%
Marguerite
38%
Aucun quiz correspondant
Distribution des résultats
% des personnes avec chaque résultat
Percentile par nombre de réponses
Votre historique - résultats
Vous n’avez pas pris ce quiz